000 00659nam a2200169Ia 4500
008 090711s9999 xx 000 0 und d
082 _b44770
100 _aकेळकर भा. दा. / लिमये ह. शं.
245 _aखेळातील विज्ञान
260 _b"केसरी मुद्रणालय,"
_c1982
300 _a283
600 _aकेळकर भा. दा. / लिमये ह. शं.
630 _aखेळातील विज्ञान
700 _aकेळकर भा. दा. / लिमये ह. शं.
730 _aखेळातील विज्ञान
942 _cBOOK
999 _c328549
_d328549